Catalog

Record Details

Catalog Search



The black ice  Cover Image Book Book

The black ice / Michael Connelly.

Summary:

When an LAPD narcotics officer is found with a fatal bullet wound and a suicide note, Detective Harry Bosch follows a bloody trail of drug murders across the Mexico border. Working the case, LAPD detective Harry Bosch is reminded of the primal police rule he learned long ago: Don't look for the facts, but the glue that holds them together. Soon Harry's making some very dangerous connections, starting with a dead cop and leading to a bloody string of murders that wind from Hollywood Boulevard to the back alleys south of the border. Now this battle-scarred veteran will find himself in the center of a complex and deadly game--one in which he may be the next and likeliest victim.

Record details

  • ISBN: 9781538737965
  • ISBN: 1538737965
  • Physical Description: 399 pages ; 21 cm.
  • Edition: First trade paperback edition.
  • Publisher: New York : Grand Central Publishing, 2021.

Content descriptions

General Note:
"Originally published in hardcover by Little, Brown & Company in June 1993"--Title page verso.
Includes a preview of The Dark Hours (pages 359-399).
Subject: Bosch, Harry > Fiction.
Police > California > Los Angeles > Fiction.
Police > Mortality > Fiction.
Drug traffic > Fiction.
Los Angeles (Calif.) > Fiction.
Genre: Thrillers (Fiction)
Detective and mystery fiction.
Novels.

Available copies

  • 1 of 1 copy available at scottsboropl.

Holds

  • 0 current holds with 1 total copy.
Show Only Available Copies
Location Call Number / Copy Notes Barcode Shelving Location Status Due Date
scottsboropl F Con 32269001250045 Adult - Fiction Available -

LDR 03133cam a2200673 i 4500
001163223
003SBPL
00520240503152110.0
008211103t20211993nyu 000 1 eng d
010 . ‡a 2021351388
020 . ‡a9781538737965 ‡q(paperback)
020 . ‡a1538737965 ‡q(paperback)
035 . ‡a(OCoLC)1199124458
05000. ‡aPS3553.O51165 ‡bB54 2021
08200. ‡a813/.54 ‡223/eng/20230309
1001 . ‡aConnelly, Michael, ‡d1956- : ‡eauthor.
24514. ‡aThe black ice / ‡cMichael Connelly.
250 . ‡aFirst trade paperback edition.
264 1. ‡aNew York : ‡bGrand Central Publishing, ‡c2021.
300 . ‡a399 pages ; ‡c21 cm.
336 . ‡atext ‡btxt ‡2rdacontent
337 . ‡aunmediated ‡bn ‡2rdamedia
338 . ‡avolume ‡bnc ‡2rdacarrier
4901 . ‡aHarry Bosch ; ‡vBk 2
500 . ‡a"Originally published in hardcover by Little, Brown & Company in June 1993"--Title page verso.
500 . ‡aIncludes a preview of The Dark Hours (pages 359-399).
520 . ‡aWhen an LAPD narcotics officer is found with a fatal bullet wound and a suicide note, Detective Harry Bosch follows a bloody trail of drug murders across the Mexico border. Working the case, LAPD detective Harry Bosch is reminded of the primal police rule he learned long ago: Don't look for the facts, but the glue that holds them together. Soon Harry's making some very dangerous connections, starting with a dead cop and leading to a bloody string of murders that wind from Hollywood Boulevard to the back alleys south of the border. Now this battle-scarred veteran will find himself in the center of a complex and deadly game--one in which he may be the next and likeliest victim.
60010. ‡aBosch, Harry ‡vFiction.
650 0. ‡aPolice ‡zCalifornia ‡zLos Angeles ‡vFiction.
650 0. ‡aPolice ‡xMortality ‡vFiction.
650 0. ‡aDrug traffic ‡vFiction.
651 0. ‡aLos Angeles (Calif.) ‡vFiction.
655 7. ‡aThrillers (Fiction)
655 7. ‡aDetective and mystery fiction. ‡2lcgft
655 7. ‡aNovels. ‡2lcgft
8001 . ‡aConnelly, Michael, ‡d1956- ‡tHarry Bosch series ; ‡vBk 2.
901 . ‡a163223 ‡bAUTOGEN ‡c163223 ‡tbiblio

Additional Resources